00582nam a22001937a 450000100060000000300080000600500170001400800410003103500190007204000260009104100080011708200270012524501080015226000210026030000210028165000320030265000280033470000260036274769BD-RjUL20211209082610.0181202s1968 pk ||||| |||| 00| 0 eng d a(BD-RjUL)74987 aBD-RjULbengcBD-RjUL aeng 223a320.9549bPRO 1968 aProceedings of the fourth All Pakistan political science conference 1966 /cEd. by Muhammad Aziz Ahmad. aKarachi :c1968. a284 p. ;c25 cm. aPolitical sciencezPakistan aPolitics and government aAhmad, Muhammad Aziz